[Event "FIDE World Cup"]
[Site "?"]
[Date "2021.??.??"]
[Round "3.2"]
[White "Caruana, Fabiano"]
[Black "Jumabayev, Rinat"]
[Result "0-1"]
[WhiteElo "2820"]
[BlackElo "2637"]
[Annotator "Aagaard"]
[PlyCount "116"]
[EventDate "2021.??.??"]
[SourceTitle "CL 11.2021"]
[SourceDate "2021.11.01"]
[SourceVersion "1"]
[SourceVersionDate "2021.11.01"]
[SourceQuality "1"]

{GM Fabiano Caruana is one of the strongest players in the history of the game,
but like everyone, he is human and he has his weaknesses. Caruana will at
times miss tactical opportunities for the opponent, and he has a tendency to
go "over the cliff" when attacking, not sensing when he has gone too far, and
when he must push harder. In this game, we shall see the second weakness
expressed in full.} 1. c4 e6 2. Nc3 d5 3. d4 Nf6 4. cxd5 exd5 5. Bg5 c6 6. Qc2
Be7 7. e3 Nbd7 8. Bd3 {[#]} Nh5 {This system has become popular in the last
few years. Classically} (8... O-O 9. Nf3 Re8 10. O-O Nf8 11. h3 $1 {has been
played, which is considered a bit better for White, although there is all to
play for. Also, 9.Nge2 is played frequently. The upside to this 8...Nh5 system
is obvious. It is solid and avoids endless history of theory. But the
downsides are very visible too. The knight is on h5 and rarely will ...Ng7 and
...Bf5 actually work out. So it will have to return, having spent two tempos
exchanging the good bishop. White has to be better; but how is not so easy to
see. In this game, Caruana shows strong preparation and manages to get an
advantage.}) 9. Bxe7 Qxe7 10. Nge2 g6 11. O-O O-O 12. Rae1 Ndf6 13. Nc1 Be6 {
Not a frequently played move and after this game, not one that will win over
many followers.} (13... Ng7 14. f3 {is the current main point for the
theoretical battleground. I believe in White.}) 14. f3 {[#]} b6 ({Played with
the logic that} 14... c5 $6 15. dxc5 Qxc5 16. Nb3 {would give White a
permanent structural advantage.}) (14... Rfd8 {was played in Drasko – Legky,
Metz 2001. At this point White could try a logical novelty.} 15. Qf2 $5 $146
Ng7 16. Bc2 $1 {Amusingly the computer suggests that Black should play 16...
Rf8, which no one would do. White is coming with Nd3, blocking ...c5, so it
would be logical to try} c5 {, but after} 17. Nd3 $1 c4 18. Ne5 {with e3-e4
and even Ba4!? in some lines, White will have a pleasant advantage.}) (14...
Rad8 {looks far more natural and was played in Krzyzanowski – Ahvenjarvi,
Maribor 2012. Again, White shoould probably play on the kingside with} 15. Qf2
$5 $146 Ng7 16. Bc2 {with a slight advantage.}) 15. Qf2 c5 16. Qh4 Qd8 17. g4
Ng7 18. N1e2 {[#] The opening has been a total success for White. All we can
discuss is how great his advantage is.} Rb8 19. a4 $6 {Delaying Black's
counterplay on the queenside.} (19. Bc2 $1 c4 20. b4 {was probably more
accurate, as Stockfish claims, but only marginally. It turns out that the
a2-pawn is not a potential weakness, but a potential anchor for the knight on
a4 (from b3, if Black takes en passant).}) 19... c4 20. Bc2 a6 21. Nf4 b5 22.
axb5 axb5 23. b4 $1 {Blocking Black's counterplay on the queenside, which was
coming quite fast.} cxb3 24. Bxb3 b4 {[#]} 25. Nce2 $2 {Logical, but a serious
mistake. White doubles down on the kingside attack, when no more than equality
is offered.} ({I think} 25. Na4 $1 Bd7 26. Nc5 Bb5 27. Rf2 Bc4 28. Rb2 h5 29.
h3 {was a more flexible and positional approach. White's position is easier to
play, but long term, he would wish that the g-pawn was on g2.}) 25... Bc8 26.
Ng3 $6 {Caruana is going down a risky path.} (26. Ra1 Bd7 27. Ra6 $5 Nge8 28.
g5 Nh5 29. Nxh5 Bb5 30. Ra2 gxh5 {would give a very messy position with
chances for both sides.}) 26... Ba6 27. g5 $6 {[#]} (27. Rf2 Bc4 28. Rb1 {
was still close to equal.}) 27... Bxf1 $2 {We have arrived at the most
interesting moment of the game.} ({I always tell the students of Killer Chess
Training to have two options on all moves. Otherwise, how can you choose? In
this position, Black should have declined the exchange sacrifice the first
time around. After} 27... Nfe8 $1 {Caruana would no doubt have played} 28. Nxd5
$5 {when after} (28. Rf2 Bc4 {with a Black advantage was not in the cards.})
28... Bxf1 29. Kxf1 Rb5 30. e4 Kh8 {White has nowhere enough compensation for
the material.}) 28. Rxf1 $2 {An understandable decision, as the bishop would
quickly escape to c4. But this is hardly forced.} ({After} 28. gxf6 $1 Bc4 {
Caruana no doubt saw that he could create serious threats. So where did he go
wrong?} 29. Qh6 Ne8 $1 {[#] So, this is the critical line. I doubt this is
what Caruana was afraid of.} ({I consider it quite likely that he missed
something in the following variation:} 29... Qxf6 $2 30. Bxc4 $1 (30. Ngh5 $2
Nxh5 31. Nxh5 Qh8 {leads nowhere, but is still everyone's first thought. It is
important to get past those initial ideas to see deeper and more importantly,
wider.}) 30... dxc4 31. Ne4 Qf5 {[#]} 32. Ng5 $2 ({More impressive is} 32. Nd5
$3 {when Black cannot defend against both 33.Nf6+ and 33.Ne7+.}) 32... Rfd8 {
leads nowhere. Here it is easy to see that} 33. Qxh7+ {Kf8 is ineffective. But
much harder to see the option of} (33. Ra1 $1 Rb7 34. Ra6 $1 {with counterplay.
})) 30. Bxc4 dxc4 31. Nf5 {We now have an interesting spread of variations,
but again, I suspect that Caruana calculated all of these correctly.} (31. Nfh5
$2 Rb5 $1) 31... gxf5 $1 {This is a serious move. The following variation
looks promising for White, but ends with a stellar defensive idea by Black.} ({
a)} 31... Qxf6 $2 32. Nd5 {leads to mate.}) ({b)} 31... Rb7 $2 {This is a
serious move, but unfortunately for Black, it is brutally refuted.} 32. Nh5 $3
(32. Nd5 $2 Qxd5 33. Ne7+ Rxe7 34. fxe7 Ng7 {only leads to a draw. Black has
enough counterplay after} 35. exf8=R+ Kxf8 36. Qxh7 Qxf3 $1 {.}) 32... b3 {[#]}
({The direct threat forces Black to take one of the knights.} 32... gxh5 {
loses brilliantly to} 33. Ne7+ $1 (33. Kh1 $2 Qxf6 34. Rg1+ Qg6 {is on the
other hand dead lost.}) 33... Rxe7 34. Qg5+ Kh8 35. fxe7 Qd6 36. exf8=Q+ Qxf8
37. Kf2 $5 {The king will go to the queenside to deal with the pawns, while
the rook comes to g1, to force concessions. Black is passive and has no real
counterplay.}) ({And} 32... gxf5 33. Kh1 {is just mate.}) 33. Qg7+ $3 Nxg7 34.
Nh6+ Kh8 35. fxg7#) 32. Kh1 {[#]} Qxf6 33. Rg1+ Qg6 34. Nxg6 hxg6 35. h4 $1 {
This looks very scary, but Black can hold with both 35...Rb7 ideas and the
enterprising} Nf6 36. h5 Nxh5 $1 37. Qxh5 Kg7 38. Qg5 b3 $1 {[#] The two
connected passers with rooks behind them are enough to guarantee full
compensation. The complications ends in a draw, whichever direction you pursue
them.}) 28... Nfe8 $6 ({It is not easy to find the decisive} 28... Nfh5 $1 {
, but it was entirely decisive. After 29.Nxd5 Rb5, White has nothing. And after
} 29. Ngxh5 Nxh5 30. Nxh5 gxh5 31. Qxh5 Rc8 {[#]} 32. Rf2 Qd6 33. Bc2 Rxc2 $1
34. Rxc2 b3 {Black is winning, returning the exchange for a crushing endgame.})
29. Nxd5 Rb5 30. Qe4 (30. e4 {was maybe the lesser evil, but Caruana has a
dynamic idea in mind.}) 30... Qxg5 31. f4 Qd8 32. f5 {White has managed to
conjure some counterplay which looks frightening as the clock is ticking down.
Unsurprisingly, Black decided to get rid of White's most impressive piece, the
d5-knight.} Nf6 $2 {A simple blunder in time trouble.} ({Black was winning
after both the scary looking 32...gxf5, which no human would play, and the
strategically complex} 32... Nd6 $1 33. Qg2 Ndxf5 34. Rxf5 (34. Nxf5 gxf5 35.
Rxf5 Kh8 {is easier to evaluate. For example:} 36. Rf1 Nf5 $1 37. Qe4 Rg8+ 38.
Kh1 Qg5 {with an overwhelming advantage.}) 34... Nxf5 35. Nxf5 Kh8 {[#] I
showed this position to GM Sam Shankland, who evaluated it as very dangerous
for Black. Curiously, this is not the case at all! Because there is no way for
White to create threats on the dark squares, Black is perfectly safe and
White's long-term problems will be more important. Black is, in other words,
totally winning.}) 33. Nxf6+ Qxf6 34. fxg6 Qxg6 35. Bxf7+ $1 ({Here} 35. Rxf7
$2 Qxe4 36. Rf5+ {looks tricky, but Black does not have to allow checkmate. He
has} Rf7 $1 {, when he will win the f5-rook and cruise to victory.}) 35... Qxf7
{A necessary evil.} (35... Rxf7 $2 {would lose a piece after} 36. Qa8+ Ne8 37.
Qxe8+ Kg7 38. Rxf7+ Qxf7 39. Qxb5 $1 {.}) 36. Rxf7 Rxf7 37. Qd3 Rg5 38. Kg2 Nf5
39. e4 Nh4+ 40. Kh3 Ng6 {[#] We have reached the time control and the position
is as unbalanced as ever, meaning that both sides have equal chances. At this
point Caruana made an unfortunate blunder that sent him out of the World Cup.}
41. Qc4 $2 (41. Qe3 $2 {would drop the queen after} Nf4+ 42. Kh4 Ng2+ {, but
White could have played}) (41. Qd2 $1 {, when after} Nf4+ 42. Kh4 {, the king
is perfectly safe. For example} h6 43. d5 {and Black should consider when it
is time to give perpetual. The chances are equal.}) 41... h5 $1 {Because of
the threat of ...Ng6-f4+ and ...Rg5-g4#, Black now wins a piece. The
conversion of the advantage is not difficult.} 42. Kg2 h4 43. Kh3 hxg3 44. hxg3
Kg7 45. Qxb4 Rf3 46. Qb7+ Kh6 47. Qb8 Re3 48. d5 Rxe4 49. d6 Rd4 50. Qb2 Rxd6
51. Qc3 Rdd5 52. Qe3 Ra5 53. Kg2 Rae5 54. Qd4 Rd5 55. Qe3 Rd3 56. Qe1 Nf4+ 57.
Kf2 Rgxg3 58. Qe4 Rg2+ 0-1

[Event "121st U.S. Open"]
[Site "Cherry Hill"]
[Date "2021.08.02"]
[Round "3.3"]
[White "Lenderman, Alex"]
[Black "Hamilton, Sam"]
[Result "1-0"]
[WhiteElo "2682"]
[BlackElo "2084"]
[Annotator "Lenderman"]
[PlyCount "109"]
[EventDate "2021.07.31"]
[EventType "swiss"]
[EventRounds "9"]
[EventCountry "USA"]
[SourceTitle "CL 11.2021"]
[SourceDate "2021.11.01"]
[SourceVersion "1"]
[SourceVersionDate "2021.11.01"]
[SourceQuality "1"]

{Before the round, I checked my opponent's rating history. This might have
been a bad idea, as I think I underestimated him. After a seven year layoff,
he played two tournaments this year, with unspectacular results. That gave me
the impression that he should be rusty, but I was in for a huge surprise.
Hamilton is training with a strong grandmaster, and is well on the way to
regaining his form. I was in for a tough ride!} 1. d4 e6 2. Nf3 d5 3. g3 Nf6 4.
Bg2 Be7 5. c4 c6 6. Nc3 O-O 7. O-O Nbd7 8. b3 b6 9. Bb2 Ba6 10. a4 $5 {This
was still my preparation - it was played against me, so I wanted to try it!
The point of 10.a4 is to stop ...b6-b5, and also to meet ...d5xc4 with b3xc4
and Nf3-d2, getting the pawn back.} dxc4 11. bxc4 Bxc4 12. Nd2 Ba6 13. Bxc6 Rc8
14. Bg2 Qc7 15. Qb3 Qb8 16. Rfc1 e5 $6 17. Nb5 $6 exd4 18. Nxd4 Nc5 {[#]} 19.
Qe3 $4 {Two question marks might be too harsh, but they are earned: one shows
how the move is objectively wrong, and the other is for how fast I played it,
failing to assess the situation critically. I played this game like I just
wanted to get it over with, and this is never a healthy approach to take!} ({
Of course, I should play} 19. Qa2 {, keeping a small but stable edge. That was
my original intention, but I passed it up for 19.Qe3 without analyzing
properly.}) 19... Rfe8 $1 {I saw this of course, but I thought that 20.Bc6 is
more or less winning, and I thought that even if I missed something with 20.
Bc6, that 20.Nf5 or 20.Nc6 would also be very strong. This is very superficial
thinking.} 20. Bc6 $6 {Played after 30 minutes of thought. I realized after
5-10 minutes that I miscalculated in every line, and the rest of my thinking
was just agonizing over my mistake. Now I had to reset my mind and prepare to
outhustle my opponent.} ({After} 20. Nc6 Qc7 21. a5 $5 {White is not better,
but this was still the better option.}) (20. Nf5 Bd8 21. Qg5 Ne6 22. Nh6+ Kf8
23. Qe3 Nc5 24. Qg5 Ne6 {is fine for White too, but it leads to some
repetitions and I didn't want a draw.}) 20... Bd6 $6 {I wouldn't have worried
had I known he would play this!} ({The key move, which I missed before my 19th
move, is} 20... Ng4 $1 {. The position after} 21. Qf4 Qxf4 22. gxf4 {would be
equal, and I would have to squeeze water from a stone here.}) 21. Bxe8 Rxe8 22.
Qg5 $2 {As soon as I thought that I'm out of the woods, I make an immediate
blunder.} ({The position after} 22. Qf3 Bb7 23. Qf5 Re5 24. Qc2 Rh5 {looks
menacing but I can keep things together with} 25. Nf5 ({or} 25. N4f3)) 22...
Re5 $1 23. Nf5 ({A few minutes into my thinking I suddenly realized to my
horror that my intended} 23. Qh4 $4 {followed by Qh4-h3-g2 idea is met with}
Rh5 {-- a real cold shower!}) 23... Ne6 24. Bxe5 {Sadly, forced.} ({Not} 24.
Nh6+ Kf8 25. Qh4 Rh5 {when Black wins.}) 24... Nxg5 25. Bxd6 Qa8 26. f3 h5 {
I felt like I was much worse here. My king is weak and it is very hard for me
to play constructively. Soon I drifted into a lost position.} 27. Be5 $2 ({
Better was} 27. h4 $1 {to drive that pesky attacking knight away.}) 27... Kh7
28. Bxf6 gxf6 29. Nd4 Qd5 30. e3 Ne6 31. Ne4 Kg6 32. Rd1 Nxd4 33. Rxd4 Qb3 34.
Re1 Bb7 35. Nd2 $6 ({Certainly} 35. Kf2 {was equal, but I felt that if my
knight was exchanged, I lost my winning chances. For me, a loss and a draw
would be similar, since I would likely re-enter into the 4-day schedule if I
didn't win this game.}) 35... Qc3 36. Kf2 Bc6 37. g4 $6 {In pure hustling mode,
I'm trying to play very quickly and put psychological pressure on my opponent
as I thought that my position was already very bad. Objectively I can still
maintain equality with...} (37. h4 $1 Bxa4 38. Rxa4 Qxd2+ 39. Re2 Qd7 40. Ra6
Qd1 {although of course, I don't have any real winning chances.}) 37... h4 38.
Rg1 Bxa4 39. g5 f5 40. Rd6+ Kg7 41. g6 {[#] The turning point.} f4 $2 {This is
very tempting, but I get some counterplay now by opening up his king as well.}
({Winning is} 41... Bb5 $1 42. gxf7+ Kxf7 43. Rd4 Qc2 {with ...Bb5-d3 coming.})
(41... f6 {should also win relatively cleanly.}) 42. gxf7+ Kxf7 43. Re1 {
I was lucky I even had this move, or else I can resign.} Qe5 44. Ne4 fxe3+ 45.
Kxe3 Bc2 46. Rf6+ Ke7 47. Rf4 {Now, I started having hopes I could still win
this game. His king is weak, I still have that tricky knight, and Hamilton was
starting to get low on time.} h3 48. Re2 Bb3 49. Rh4 Bc4 50. Rh7+ Ke6 51. Rc2
Qb5 $6 52. Rxh3 a5 53. Rg2 Bf1 54. Rh6+ Kf7 {Losing right away, but the game
is beyond hope anyway.} 55. Nd6+ {Whew!} 1-0

[Event "121st U.S. Open"]
[Site "Cherry Hill"]
[Date "2021.08.05"]
[Round "6.1"]
[White "Zeltsan, Joseph"]
[Black "Lenderman, Alex"]
[Result "0-1"]
[WhiteElo "2389"]
[BlackElo "2682"]
[Annotator "Lenderman"]
[PlyCount "136"]
[EventDate "2021.07.31"]
[EventType "swiss"]
[EventRounds "9"]
[EventCountry "USA"]
[SourceTitle "CL 11.2021"]
[SourceDate "2021.11.01"]
[SourceVersion "1"]
[SourceVersionDate "2021.11.01"]
[SourceQuality "1"]

1. e4 e6 2. d4 d5 3. Nc3 Bb4 4. e5 b6 {I trotted out this relatively rare line,
trying to surprise my opponent. Unfortunately for me, Zeltsan seemed to have
done his homework, and knew the refutation.} 5. h4 $1 Qd7 6. h5 h6 7. Qg4 Bf8
8. Be3 ({Amazingly, after} 8. b4 $3 {the engine tells me that I'm borderline
lost! Just goes to show how far chess has evolved! Since ...Bc8-a6 is
prevented, it's very hard for me to find a good way to complete my development.
} Bxb4 $2 ({Black's best is the unfortunate} 8... f5 9. Qg6+ Qf7 10. Qxf7+ Kxf7
11. a3 c5 12. Nce2 cxb4 13. Nf4) 9. Qxg7 Bxc3+ 10. Bd2 {with a tremendous
advantage for White.}) 8... Ne7 9. Nf3 Ba6 10. O-O-O Bxf1 11. Rhxf1 Nbc6 12.
Nh4 O-O-O {Despite getting most of what I aimed for in this system, my
position is still inferior. This is probably the last time I'm going to play
this system in a serious tournament game!} 13. Qh3 Na5 $6 14. g4 $6 Nec6 $6 15.
Kb1 Bb4 16. Bc1 Nc4 17. f4 {Originally I thought I be fine here, but the more
I looked at it, I started to realize just how bad my position is. I have no
counterplay on the queenside, and I cannot stop his kingside onslaught. I
started to look for tricks.} Bxc3 18. Qxc3 Qe7 19. Ng2 Kb7 20. f5 a5 21. fxe6
fxe6 22. Nf4 Rhe8 23. Ng6 Qb4 24. Qxb4 axb4 {[#] Now at least I had a glimmer
of hope with access to the a-file.} 25. Rf7 Ra8 26. Rxg7 $6 Ra5 27. Rd3 Rea8
28. a3 bxa3 29. b3 Nb2 30. Bxb2 $6 axb2 31. Kxb2 Ra2+ 32. Kc3 Na7 33. Nf4 Nb5+
34. Kd2 Rf8 $1 {If nothing else, I was doing a good job of continuing to
create practical chances and trying to force my opponent to make a mistake in
time pressure. Sometimes that's all you can do in a lost position.} 35. Ke3 $6
Rxc2 36. Nxe6 Rf1 $1 {Now things become very tricky for White.} 37. Rd2 $2 Rc3+
38. Rd3 Rc2 $2 39. Nf4 $2 ({As on move 37,} 39. Rf7 {was again strong, while})
(39. Rd2 {would have effectively forced a draw.}) 39... Re1+ 40. Kf3 {[#]} Nc3
$5 {Playing for a win!} ({The alternative was} 40... Rf1+ 41. Kg3 (41. Ke3 Re1+
{would have forced a draw.}) 41... Nc3 42. Ne6 Ne4+ 43. Kh4 Rh2+ 44. Rh3 Rfh1
45. Nf4 Kc8 {with unclear chances.}) 41. g5 ({Also playable was} 41. Ne6 {.})
41... hxg5 42. Rxg5 Rf1+ 43. Kg4 Ne4 44. Rg6 ({I think we both missed the
interesting} 44. Kf5 $5 Nxg5 45. Kxg5 {when White has compensation.}) 44...
Nf2+ 45. Kg5 Nxd3 46. Nxd3 Rg2+ 47. Kh6 Rd2 48. Rg3 Rfd1 49. e6 $2 {A mistake.
During the game I thought this was the only move that gives any practical
chances, but it turns out that White has the superior} (49. Nf4 $1 Rxd4 50. Ng6
$1 {when the white pawns are so strong that, even though I'm up an Exchange,
I'm not better! One line runs} Rh1 51. e6 Re4 52. e7 d4 53. Rf3 c5 54. Kg5 {
[%cal Gf3f8,Gh5h6] with counterplay.}) 49... Rxd3 $1 50. e7 Rxg3 51. e8=Q Rxd4
{I wasn't 100% sure if I was winning, but I had no losing chances and I
thought it would be hard for White to defend.} 52. Qe5 Rgg4 53. Kh7 Rd2 54. Qf5
Rh4 55. Kg6 Rd1 $6 56. Qf3 Rd2 57. Qf5 Rdd4 $2 58. Kg5 $2 ({It's a draw after} 
58. h6 Rd2 59. Kg7 Rg2+ 60. Kf7 {.}) 58... Rh1 59. Qe5 Rdh4 60. Qxd5+ Ka7 {
Now I win the h-pawn and the rest is relatively simple.} 61. Qc6 Rxh5+ 62. Kg4
R1h4+ 63. Kg3 Rc5 64. Qf6 Rb4 65. Qa1+ Kb7 66. Qh1+ c6 67. Qh7+ Ka6 68. Qd3+
Rcb5 0-1

[Event "121st U.S. Open"]
[Site "Cherry Hill"]
[Date "2021.08.03"]
[Round "4.3"]
[White "Liang, Awonder"]
[Black "Kumar, Aravind"]
[Result "0-1"]
[WhiteElo "2678"]
[BlackElo "2354"]
[PlyCount "74"]
[EventDate "2021.07.31"]
[EventType "swiss"]
[EventRounds "9"]
[EventCountry "USA"]
[SourceTitle "CL 11.2021"]
[SourceDate "2021.11.01"]
[SourceVersion "1"]
[SourceVersionDate "2021.11.01"]
[SourceQuality "1"]

1. e4 e6 2. d4 d5 3. Nd2 Be7 4. Ngf3 Nf6 5. e5 Nfd7 6. Bd3 c5 7. c3 Nc6 8. O-O
g5 9. Nb1 h5 10. Be3 cxd4 11. cxd4 f6 12. Bg6+ Kf8 13. Nxg5 fxg5 14. Bxh5 Rh7
15. f4 Kg8 16. Qg4 Rg7 17. fxg5 Ndxe5 18. dxe5 Nxe5 19. Qf4 Bd6 20. Qh4 Bd7 21.
Rf6 Qe7 22. Nd2 Be8 23. Rh6 Bg6 24. Bxg6 Nxg6 25. Qh5 Bc5 26. Bxc5 Qxc5+ 27.
Kh1 Qc2 28. Nf3 Rf8 29. Nh4 Qf2 30. g3 Qe3 31. Rxg6 $2 Qe4+ 32. Kg1 Qd4+ 33.
Kg2 $4 Qxb2+ 34. Kh3 Qxa1 35. Rxg7+ Qxg7 36. Qg4 Qf7 37. Qd4 Qf1+ 0-1